[Event "SVK-chT2C 2223"]
[Site "Slovakia"]
[Date "2022.11.12"]
[Round "3.6"]
[White "Nagy, Zsolt1111"]
[Black "Bartek, Ladislav"]
[Result "1-0"]
[WhiteElo "1718"]
[BlackElo "2032"]
[PlyCount "103"]
[EventDate "2022.10.08"]
[EventType "team-tourn"]
[EventRounds "11"]
[EventCountry "SVK"]
[SourceTitle "EXT 2024"]
[Source "ChessBase"]
[SourceDate "2023.10.10"]
[SourceVersion "1"]
[SourceVersionDate "2023.10.10"]
[SourceQuality "1"]
[WhiteTeam "Vinica"]
[BlackTeam "Ondrasova Krivan"]
[WhiteTeamCountry "SVK"]
[BlackTeamCountry "SVK"]

1. e4 e5 2. Nf3 Nc6 3. Bb5 a6 4. Ba4 Nf6 5. d3 b5 6. Bb3 Be7 7. c3 0-0 8. 0-0 d6 9. h3 Na5 10. Bc2 c5 11. Bg5 Bb7 12. Re1 Qc7 13. Nbd2 h6 14. Bh4 Rae8 15. Nf1 Nd7 16. Bg3 Bf6 17. Ne3 g6 18. Rc1 Bg7 19. Bb1 f5 20. exf5 gxf5 21. Bh2 f4 22. Nf1 d5 23. b4 Nc6 24. Qc2 cxb4 25. cxb4 Qd6 26. a3 Nf6 27. Nh4 Nh7 28. Nd2 Qf6 29. Nhf3 Nd8 30. Nb3 Ng5 31. Nxg5 Qxg5 32. f3 Ba8 33. Nc5 Ne6 34. Nxe6 Rxe6 35. d4 e4 36. Rcd1 Rc6 37. Qf2 e3 38. Qe2 Rc4 39. Qd3 Kf7 40. h4 Qf6 41. Bxf4 Rxd4 42. Qxd4 Qxd4 43. Rxd4 Bxd4 44. Bxe3 Re8 45. Kf2 Bb2 46. Bxh6 Rxe1 47. Kxe1 Bxa3 48. Bd2 Bb2 49. g4 Bh8 50. Kf2 d4 51. Bf5 Bd5 52. Bc8 1-0

[Event "SVK-chT2C 2122"]
[Site "Slovakia"]
[Date "2022.05.01"]
[Round "11.5"]
[White "Bartek, Ladislav"]
[Black "Listiak, Juraj"]
[Result "0-1"]
[WhiteElo "2022"]
[BlackElo "1927"]
[PlyCount "128"]
[EventDate "2021.10.16"]
[EventType "team-tourn"]
[EventRounds "11"]
[EventCountry "SVK"]
[SourceTitle "EXT 2023"]
[Source "ChessBase"]
[SourceDate "2022.10.05"]
[SourceVersion "1"]
[SourceVersionDate "2022.10.05"]
[SourceQuality "1"]
[WhiteTeam "Ondrasova Krivan"]
[BlackTeam "Banska Bystrica Kurta"]
[WhiteTeamCountry "SVK"]
[BlackTeamCountry "SVK"]

1. e4 e6 2. d4 d5 3. Nc3 dxe4 4. Nxe4 Bd7 5. Nf3 Bc6 6. Bd3 Nd7 7. Qe2 Ngf6 8. Bg5 Be7 9. Bxf6 Nxf6 10. 0-0-0 Bxe4 11. Bxe4 Nxe4 12. Qxe4 c6 13. c4 0-0 14. Kb1 Bf6 15. h4 b5 16. Ng5 g6 17. d5 exd5 18. cxd5 cxd5 19. Rxd5 Qb6 20. Qf3 Rad8 21. Ne4 Bg7 22. Rhd1 Rxd5 23. Rxd5 Rd8 24. Ng5 Bf6 25. Ne4 Bxh4 26. Rxd8+ Qxd8 27. a3 Be7 28. Qc3 a5 29. Qb3 b4 30. axb4 axb4 31. g4 Qd4 32. f3 Kg7 33. g5 Bxg5 34. Nxg5 Qg1+ 35. Ka2 Qxg5 36. Qxb4 Qd5+ 37. Kb1 Qxf3 38. Qc4 h5 39. b4 g5 40. b5 g4 41. b6 g3 42. Qc5 g2 43. Ka2 Kg6 44. Qc2+ Kg5 45. Qc5+ Kh4 46. Qe7+ Kh3 47. b7 g1Q 48. b8Q Qgg2+ 49. Qb2 Qxb2+ 50. Kxb2 f5 51. Qf7 f4 52. Qd7+ Kh2 53. Kc1 Qe3+ 54. Kd1 h4 55. Qd8 h3 56. Qc7 Kg2 57. Qc2+ Qf2 58. Qg6+ Kh1 59. Qe4+ Kh2 60. Qf5 f3 61. Qf4+ Kh1 62. Qf5 h2 63. Qd5 Qe2+ 64. Kc1 Qg2 0-1

[Event "SVK-chT2C 1920"]
[Site "Slovakia"]
[Date "2020.03.07"]
[Round "10.7"]
[White "Minich, Miroslav"]
[Black "Bartek, Ladislav"]
[Result "1/2-1/2"]
[WhiteElo "1950"]
[BlackElo "2005"]
[PlyCount "21"]
[EventDate "2019.10.26"]
[EventType "team-tourn"]
[EventRounds "11"]
[EventCountry "SVK"]
[SourceTitle "CBM 195 Extra"]
[Source "ChessBase"]
[SourceDate "2020.05.31"]
[SourceVersion "1"]
[SourceVersionDate "2020.05.31"]
[SourceQuality "1"]
[WhiteTeam "Zvolen Slavia"]
[BlackTeam "Ondrasova Krivan"]
[WhiteTeamCountry "SVK"]
[BlackTeamCountry "SVK"]

1. c3 Nf6 2. d4 g6 3. Bf4 Bg7 4. Nd2 d5 5. Ngf3 0-0 6. e3 Nbd7 7. Bd3 c5 8. Qc2 b6 9. 0-0 Bb7 10. Ne5 Rc8 11. Ndf3 1/2-1/2

[Event "SVK-chT2C 1920"]
[Site "Slovakia"]
[Date "2019.12.14"]
[Round "5.6"]
[White "Bartek, Ladislav"]
[Black "Priechodsky, Radovan"]
[Result "0-1"]
[WhiteElo "2005"]
[BlackElo "1887"]
[PlyCount "82"]
[EventDate "2019.10.26"]
[EventType "team-tourn"]
[EventRounds "11"]
[EventCountry "SVK"]
[SourceTitle "CBM 194 Extra"]
[Source "ChessBase"]
[SourceDate "2020.03.31"]
[SourceVersion "1"]
[SourceVersionDate "2020.03.31"]
[SourceQuality "1"]
[WhiteTeam "Ondrasova Krivan"]
[BlackTeam "Liptov Chess School III"]
[WhiteTeamCountry "SVK"]
[BlackTeamCountry "SVK"]

1. e4 c5 2. Nf3 d6 3. d4 cxd4 4. Nxd4 Nf6 5. Nc3 a6 6. Bg5 e6 7. f4 Nbd7 8. Qf3 Be7 9. 0-0-0 0-0 10. Bd3 Qc7 11. Rhe1 b5 12. Qh3 Nc5 13. e5 dxe5 14. fxe5 Nxd3+ 15. Rxd3 Nd5 16. Bxe7 Nxe7 17. Qg3 Bb7 18. h4 Rad8 19. Qe3 b4 20. Nce2 Qa5 21. h5 h6 22. g4 b3 23. Nc3 bxa2 24. Nxa2 Qxa2 25. g5 hxg5 26. Qxg5 Rxd4 27. Rxd4 Nf5 28. Rf4 Qa1+ 29. Kd2 Qa5+ 30. c3 Rd8+ 31. Kc2 Qd5 32. Rg1 Ne3+ 33. Kb1 Qd3+ 34. Ka2 Bd5+ 35. c4 Bxc4+ 36. Rxc4 Qxc4+ 37. Kb1 Qc2+ 38. Ka2 Qa4+ 39. Kb1 Rd1+ 40. Rxd1 Qxd1+ 41. Ka2 Nf5 0-1

[Event "SVK-chT2C 1920"]
[Site "Slovakia"]
[Date "2019.11.16"]
[Round "3.8"]
[White "Piovar, Jaroslav"]
[Black "Bartek, Ladislav"]
[Result "1/2-1/2"]
[WhiteElo "1556"]
[BlackElo "2005"]
[PlyCount "35"]
[EventDate "2019.10.26"]
[EventType "team-tourn"]
[EventRounds "11"]
[EventCountry "SVK"]
[SourceTitle "CBM 193 Extra"]
[Source "ChessBase"]
[SourceDate "2020.01.31"]
[SourceVersion "1"]
[SourceVersionDate "2020.01.31"]
[SourceQuality "1"]
[WhiteTeam "Zilina Mladost III"]
[BlackTeam "Ondrasova Krivan"]
[WhiteTeamCountry "SVK"]
[BlackTeamCountry "SVK"]

1. d4 Nf6 2. c4 g6 3. Nc3 Bg7 4. e4 d6 5. f4 0-0 6. Nf3 c5 7. d5 e6 8. Be2 exd5 9. cxd5 Re8 10. e5 dxe5 11. fxe5 Ng4 12. e6 fxe6 13. d6 Nc6 14. 0-0 Nd4 15. Ne4 Bd7 16. Bg5 Qb6 17. h3 Bc6 18. d7 1/2-1/2

[Event "SVK-ch op"]
[Site "Ruzomberok"]
[Date "2019.07.03"]
[Round "5"]
[White "Borsos, Bogdan"]
[Black "Bartek, Ladislav"]
[Result "1-0"]
[WhiteElo "2216"]
[BlackElo "2042"]
[PlyCount "59"]
[EventDate "2019.06.29"]
[EventType "swiss"]
[EventRounds "9"]
[EventCountry "SVK"]
[SourceTitle "CBM 191 Extra"]
[Source "ChessBase"]
[SourceDate "2019.09.30"]
[SourceVersion "1"]
[SourceVersionDate "2019.09.30"]
[SourceQuality "1"]

1. Nf3 Nf6 2. c4 g6 3. d4 Bg7 4. g3 0-0 5. Bg2 d6 6. 0-0 a6 7. h3 Nc6 8. Nc3 Rb8 9. Nd5 e6 10. Nxf6+ Bxf6 11. Bh6 Bg7 12. Bxg7 Kxg7 13. d5 Ne7 14. Qd2 e5 15. c5 f5 16. Rfd1 e4 17. cxd6 Qxd6 18. Qd4+ Qf6 19. Ne5 Rd8 20. Qa7 Qxe5 21. Qxb8 Nxd5 22. Rac1 Kf6 23. Rxc7 Nxc7 24. Rxd8 Be6 25. Qxb7 Bd5 26. Qb6+ Ne6 27. e3 Kg5 28. Rd7 Bc4 29. Rxh7 Qd5 30. Qa7 1-0

[Event "SVK-ch op"]
[Site "Ruzomberok"]
[Date "2019.07.01"]
[Round "3"]
[White "Cech, Dominik"]
[Black "Bartek, Ladislav"]
[Result "1-0"]
[WhiteElo "2092"]
[BlackElo "2042"]
[PlyCount "87"]
[EventDate "2019.06.29"]
[EventType "swiss"]
[EventRounds "9"]
[EventCountry "SVK"]
[SourceTitle "CBM 191 Extra"]
[Source "ChessBase"]
[SourceDate "2019.09.30"]
[SourceVersion "1"]
[SourceVersionDate "2019.09.30"]
[SourceQuality "1"]

1. e4 e5 2. Nf3 Nc6 3. Bb5 a6 4. Ba4 Nf6 5. 0-0 Be7 6. d3 b5 7. Bb3 d6 8. a3 0-0 9. Nc3 Be6 10. Nd5 Nd4 11. Nxd4 exd4 12. Nxf6+ Bxf6 13. Bxe6 fxe6 14. Qg4 Qd7 15. Bd2 Rae8 16. f4 c5 17. Rf3 c4 18. Rh3 g6 19. Re1 c3 20. bxc3 dxc3 21. Be3 Qg7 22. Qe2 Bd4 23. Qf2 Bxe3 24. Qxe3 Qf7 25. Rf3 Qc7 26. Rb1 e5 27. f5 gxf5 28. exf5 Rc8 29. d4 Kh8 30. Re1 Rfe8 31. f6 Qf7 32. Qg5 Rg8 33. Qh4 Rc4 34. Re4 Rxd4 35. Rxd4 exd4 36. Qxd4 Re8 37. Qxc3 d5 38. h3 Rd8 39. Qe5 Re8 40. Qc3 Rd8 41. Qd4 Re8 42. Rc3 h6 43. Qf4 Qh7 44. Rc7 1-0

[Event "SVK-chT2C 1819"]
[Site "Slovakia"]
[Date "2019.03.02"]
[Round "8.4"]
[White "Bartek, Ladislav"]
[Black "Klein, Peter"]
[Result "1-0"]
[WhiteElo "2039"]
[BlackElo "2022"]
[PlyCount "83"]
[EventDate "2018.10.13"]
[EventType "team-tourn"]
[EventRounds "11"]
[EventCountry "SVK"]
[SourceTitle "CBM 189 Extra"]
[Source "ChessBase"]
[SourceDate "2019.06.03"]
[SourceVersion "1"]
[SourceVersionDate "2019.06.03"]
[SourceQuality "1"]
[WhiteTeam "Ondrasova Krivan"]
[BlackTeam "Filakovo"]
[WhiteTeamCountry "SVK"]
[BlackTeamCountry "SVK"]

1. e4 d5 2. exd5 Nf6 3. d4 Nxd5 4. c4 Nb6 5. Nf3 g6 6. Nc3 Bg7 7. c5 Nd5 8. Bc4 Nxc3 9. bxc3 0-0 10. 0-0 b6 11. Re1 e6 12. Bg5 Bf6 13. Bxf6 Qxf6 14. Ne5 bxc5 15. Ng4 Qg7 16. Qf3 c6 17. Nf6+ Kh8 18. dxc5 Nd7 19. Nxd7 Bxd7 20. Rad1 Rfd8 21. Rd6 Be8 22. Red1 Rdb8 23. g3 Qe5 24. Rxe6 Qf5 25. Qxf5 gxf5 26. Re7 Kg7 27. Kg2 Kf8 28. Rde1 Rd8 29. Kf3 Rd7 30. R7e5 f6 31. Rxf5 Kg7 32. Rf4 Rad8 33. Re6 Bh5+ 34. g4 Bf7 35. Rxc6 Bxc4 36. Rxc4 Rd3+ 37. Kf4 Rd2 38. f3 Rxa2 39. Rc7+ Kg6 40. Rd4 Rxd4+ 41. cxd4 a5 42. d5 1-0

[Event "Banska Stiavnica V4 op"]
[Site "Banska Stiavnica"]
[Date "2018.07.12"]
[Round "6"]
[White "Liska, Jaroslav"]
[Black "Bartek, Ladislav"]
[Result "1-0"]
[WhiteElo "1900"]
[BlackElo "2049"]
[PlyCount "24"]
[EventDate "2018.07.07"]
[EventType "swiss"]
[EventRounds "9"]
[EventCountry "SVK"]
[SourceTitle "CBM 185 Extra"]
[Source "ChessBase"]
[SourceDate "2018.07.29"]
[SourceVersion "1"]
[SourceVersionDate "2018.07.29"]
[SourceQuality "1"]

1. e4 e5 2. Nf3 Nc6 3. Bb5 a6 4. Ba4 Nf6 5. 0-0 Be7 6. Bxc6 dxc6 7. Nxe5 Nxe4 8. d3 Nd6 9. Bf4 0-0 10. Nd2 Bf6 11. d4 Re8 12. Ndf3 Bg4 1-0

[Event "Banska Stiavnica V4 op"]
[Site "Banska Stiavnica"]
[Date "2018.07.11"]
[Round "5"]
[White "Bartek, Ladislav"]
[Black "Mrvova, Alena"]
[Result "0-1"]
[WhiteElo "2049"]
[BlackElo "2202"]
[PlyCount "104"]
[EventDate "2018.07.07"]
[EventType "swiss"]
[EventRounds "9"]
[EventCountry "SVK"]
[SourceTitle "CBM 185 Extra"]
[Source "ChessBase"]
[SourceDate "2018.07.29"]
[SourceVersion "1"]
[SourceVersionDate "2018.07.29"]
[SourceQuality "1"]

1. e4 c5 2. Nf3 d6 3. d4 cxd4 4. Nxd4 Nf6 5. Nc3 a6 6. Bg5 e6 7. f4 Be7 8. Qf3 h6 9. Bh4 Nfd7 10. Bxe7 Qxe7 11. 0-0-0 Nc6 12. Nxc6 bxc6 13. Bc4 0-0 14. Rhe1 Nb6 15. Bb3 Rd8 16. f5 c5 17. fxe6 fxe6 18. Na4 Nxa4 19. Bxa4 Rb8 20. Bb3 a5 21. Qc3 Qc7 22. Re3 Kh8 23. Rh3 e5 24. Rh4 Rb4 25. Bd5 Qe7 26. Qg3 Be6 27. Rh5 Rdb8 28. b3 Bxd5 29. exd5 Qf6 30. Qh3 e4 31. c3 R4b7 32. Rf5 Qg6 33. Rdf1 Kh7 34. Rf8 Qg5+ 35. Kc2 Qxd5 36. Rxb8 Rxb8 37. Qf5+ Qxf5 38. Rxf5 Re8 39. Kd2 Kg6 40. g4 a4 41. Ke3 axb3 42. axb3 Rb8 43. Kxe4 Rxb3 44. Kd3 Rb2 45. h4 Rg2 46. h5+ Kh7 47. Rf4 d5 48. Ra4 Rg3+ 49. Kc2 d4 50. cxd4 Rxg4 51. Rc4 cxd4 52. Kd3 Rg5 0-1

[Event "Banska Stiavnica V4 op"]
[Site "Banska Stiavnica"]
[Date "2018.07.09"]
[Round "3"]
[White "Bartek, Ladislav"]
[Black "Zatko, Gregor"]
[Result "0-1"]
[WhiteElo "2049"]
[BlackElo "2144"]
[PlyCount "34"]
[EventDate "2018.07.07"]
[EventType "swiss"]
[EventRounds "9"]
[EventCountry "SVK"]
[SourceTitle "CBM 185 Extra"]
[Source "ChessBase"]
[SourceDate "2018.07.29"]
[SourceVersion "1"]
[SourceVersionDate "2018.07.29"]
[SourceQuality "1"]

1. e4 g6 2. d4 Bg7 3. Nc3 d6 4. Be3 Nd7 5. Qd2 a6 6. 0-0-0 b5 7. Bd3 c5 8. dxc5 dxc5 9. Kb1 Ngf6 10. e5 Nxe5 11. Bxb5+ Bd7 12. Bf4 axb5 13. Bxe5 Qc8 14. Nd5 Nxd5 15. Bxg7 Rg8 16. c4 Bf5+ 17. Kc1 Nb4 0-1

[Event "SVK-chT2C 1718"]
[Site "Slovakia"]
[Date "2017.11.26"]
[Round "4.5"]
[White "Pitek, Lubomir"]
[Black "Bartek, Ladislav"]
[Result "1/2-1/2"]
[WhiteElo "1828"]
[BlackElo "2017"]
[PlyCount "61"]
[EventDate "2017.10.28"]
[EventType "team-tourn"]
[EventRounds "11"]
[EventCountry "SVK"]
[SourceTitle "CBM 181 Extra"]
[Source "ChessBase"]
[SourceDate "2017.12.12"]
[SourceVersion "1"]
[SourceVersionDate "2017.12.12"]
[SourceQuality "1"]
[WhiteTeam "Rajecke Teplice"]
[BlackTeam "Ondrasova Krivan"]
[WhiteTeamCountry "SVK"]
[BlackTeamCountry "SVK"]

1. e4 e5 2. Bc4 Nf6 3. d4 exd4 4. Nf3 Nc6 5. 0-0 Nxe4 6. Nxd4 d5 7. Re1 dxc4 8. Rxe4+ Be6 9. Nc3 Bc5 10. Nxe6 Qxd1+ 11. Nxd1 fxe6 12. Rxe6+ Kf7 13. Re4 Rhe8 14. Rxe8 Rxe8 15. Ne3 Nb4 16. Bd2 Bxe3 17. Bxb4 Bd4 18. c3 Bb6 19. Kf1 c5 20. Ba3 Rd8 21. Ke2 a5 22. Rd1 Rxd1 23. Kxd1 Ba7 24. f3 b5 25. b3 b4 26. Bb2 Bb8 27. cxb4 cxb4 28. bxc4 Bxh2 29. Bd4 Bc7 30. Kc2 g6 31. Kb3 1/2-1/2

[Event "SVK-chT2C 1718"]
[Site "Slovakia"]
[Date "2017.10.28"]
[Round "1.4"]
[White "Klein, Peter"]
[Black "Bartek, Ladislav"]
[Result "0-1"]
[WhiteElo "1964"]
[BlackElo "2017"]
[PlyCount "180"]
[EventDate "2017.10.28"]
[EventType "team-tourn"]
[EventRounds "11"]
[EventCountry "SVK"]
[SourceTitle "CBM 181 Extra"]
[Source "ChessBase"]
[SourceDate "2017.12.12"]
[SourceVersion "1"]
[SourceVersionDate "2017.12.12"]
[SourceQuality "1"]
[WhiteTeam "Filakovo"]
[BlackTeam "Ondrasova Krivan"]
[WhiteTeamCountry "SVK"]
[BlackTeamCountry "SVK"]

1. e4 e5 2. Nf3 Nc6 3. d4 exd4 4. Bc4 Nf6 5. e5 d5 6. Bb5 Ne4 7. Nxd4 Bd7 8. Bxc6 bxc6 9. 0-0 Bc5 10. Be3 Bb6 11. Nd2 Nxd2 12. Qxd2 0-0 13. c3 Qe7 14. Bg5 f6 15. exf6 gxf6 16. Rae1 Qf7 17. Bh6 Rfe8 18. Re3 Rxe3 19. fxe3 Qg6 20. Bf4 Kh8 21. Qf2 c5 22. Ne2 Bb5 23. Bg3 Re8 24. Bh4 f5 25. Nf4 Qf7 26. Rd1 c6 27. Qf3 c4 28. Bf2 Ba4 29. Rc1 Qe7 30. Qh5 Qe4 31. Re1 Rg8 32. Qh6 Bd8 33. Bh4 Bxh4 34. Qxh4 Qe5 35. Nh5 Bc2 36. Qd4 Qxd4 37. exd4 Be4 38. g3 Rb8 39. g4 Rxb2 40. gxf5 Rg2+ 41. Kf1 Rxh2 42. Ng3 Rh4 43. Kg1 Kg7 44. Nxe4 Rxe4 45. Rb1 Kf6 46. Kf2 Re7 47. Rb8 Kxf5 48. Rc8 Rb7 49. Ke3 Rb2 50. Rxc6 Rc2 51. Rh6 Rxc3+ 52. Ke2 Rc2+ 53. Ke3 Rxa2 54. Rh5+ Ke6 55. Rh6+ Kd7 56. Rxh7+ Kc6 57. Rh6+ Kb5 58. Re6 Ra3+ 59. Kd2 c3+ 60. Kd3 c2+ 61. Kxc2 Kc4 62. Kb2 Ra5 63. Rh6 Rb5+ 64. Kc2 Kxd4 65. Ra6 Rb7 66. Ra4+ Ke3 67. Ra3+ Ke4 68. Kd2 d4 69. Ra4 Rh7 70. Ra6 Rh2+ 71. Kd1 Ke3 72. Rxa7 Rh1+ 73. Kc2 d3+ 74. Kc3 Rc1+ 75. Kb2 Rc2+ 76. Kb3 Rc5 77. Re7+ Kd2 78. Rh7 Re5 79. Rh2+ Re2 80. Rh7 Kd1 81. Kc3 d2 82. Rh1+ Re1 83. Rh2 Re3+ 84. Kb2 Re4 85. Rh1+ Ke2 86. Rh2+ Kd3 87. Rh3+ Re3 88. Rh1 Re1 89. Rh3+ Ke4 90. Rh4+ Kf5 0-1

[Event "Ruzomberok Montana op"]
[Site "Ruzomberok"]
[Date "2017.05.31"]
[Round "4"]
[White "Bartek, Ladislav"]
[Black "Hrnciar, Roman"]
[Result "0-1"]
[WhiteElo "2039"]
[BlackElo "2060"]
[PlyCount "86"]
[EventDate "2017.05.28"]
[EventType "swiss"]
[EventRounds "9"]
[EventCountry "SVK"]
[SourceTitle "EXT 2018"]
[Source "ChessBase"]
[SourceDate "2017.10.13"]
[SourceVersion "1"]
[SourceVersionDate "2017.10.13"]
[SourceQuality "1"]

1. e4 Nf6 2. e5 Nd5 3. d4 d6 4. Nf3 g6 5. Bc4 Nb6 6. Bb3 Bg7 7. Ng5 0-0 8. e6 fxe6 9. Bxe6+ Kh8 10. d5 Qe8 11. Bxc8 Qxc8 12. Ne6 Rf5 13. c4 Re5+ 14. Be3 Rxe6 15. dxe6 Qxe6 16. 0-0 Qxc4 17. Nd2 Qf7 18. Ne4 Nc6 19. Ng5 Qg8 20. Re1 e5 21. a4 h6 22. Ne4 Qe6 23. a5 Nd7 24. a6 b6 25. Qc1 d5 26. Nc3 d4 27. Nb5 dxe3 28. Rxe3 Rc8 29. Rc3 Ndb8 30. Ra4 Qd7 31. Rh3 Rd8 32. Nc3 Qd2 33. Qb1 Nd4 34. g4 Rf8 35. Ne4 Qe2 36. Rg3 c5 37. Raa3 Nbc6 38. Rae3 Qxa6 39. Nc3 Ne7 40. Rh3 Qb7 41. Qd1 Nd5 42. g5 Nxe3 43. fxe3 Nf3+ 0-1

[Event "Ruzomberok Montana op"]
[Site "Ruzomberok"]
[Date "2017.05.30"]
[Round "3"]
[White "Bozinovic, Bogdan"]
[Black "Bartek, Ladislav"]
[Result "1-0"]
[WhiteElo "2241"]
[BlackElo "2039"]
[PlyCount "85"]
[EventDate "2017.05.28"]
[EventType "swiss"]
[EventRounds "9"]
[EventCountry "SVK"]
[SourceTitle "EXT 2018"]
[Source "ChessBase"]
[SourceDate "2017.10.13"]
[SourceVersion "1"]
[SourceVersionDate "2017.10.13"]
[SourceQuality "1"]

1. d4 Nf6 2. c4 g6 3. Nc3 Bg7 4. e4 d6 5. Nge2 0-0 6. Ng3 e5 7. d5 a5 8. Be2 Na6 9. h4 c6 10. h5 cxd5 11. cxd5 Nc5 12. Be3 Qb6 13. Rb1 Bd7 14. f3 a4 15. Qd2 Qa5 16. Nd1 Qxd2+ 17. Kxd2 b5 18. Nf2 b4 19. hxg6 hxg6 20. Rbc1 Rfc8 21. Nd3 Nxd3 22. Bxd3 Ne8 23. Rxc8 Rxc8 24. Rc1 Rxc1 25. Kxc1 Kh7 26. Kc2 Nc7 27. Bd2 b3+ 28. axb3 axb3+ 29. Kxb3 Nb5 30. Kb4 Nd4 31. Ne2 Nxe2 32. Bxe2 Bh6 33. Kc3 Bxd2+ 34. Kxd2 Kg7 35. Kc3 Kf8 36. Kb4 Ke7 37. Ka5 Kd8 38. Kb6 Ba4 39. b4 f5 40. Bd3 f4 41. Be2 g5 42. b5 Kd7 43. Ka7 1-0

[Event "Ruzomberok Montana op"]
[Site "Ruzomberok"]
[Date "2017.05.29"]
[Round "2"]
[White "Bartek, Ladislav"]
[Black "Hafinak, Vladimir"]
[Result "1-0"]
[WhiteElo "2039"]
[BlackElo "1812"]
[PlyCount "61"]
[EventDate "2017.05.28"]
[EventType "swiss"]
[EventRounds "9"]
[EventCountry "SVK"]
[SourceTitle "EXT 2018"]
[Source "ChessBase"]
[SourceDate "2017.10.13"]
[SourceVersion "1"]
[SourceVersionDate "2017.10.13"]
[SourceQuality "1"]

1. e4 b6 2. d4 Bb7 3. Bd3 d5 4. exd5 Bxd5 5. Nf3 Nf6 6. Nc3 e6 7. 0-0 Be7 8. Bg5 Bb7 9. Re1 h6 10. Bh4 0-0 11. Qe2 Nbd7 12. Rad1 Nd5 13. Nxd5 Bxh4 14. Qe4 g6 15. Nxh4 Bxd5 16. Qg4 Nf6 17. Qh3 Kg7 18. c4 Bb7 19. d5 exd5 20. Re3 Nh5 21. Nf5+ Kh7 22. Re7 Bc8 23. Rde1 Be6 24. R1xe6 dxc4 25. Bxc4 b5 26. Be2 Qd2 27. Bxh5 Kh8 28. Re2 Qg5 29. Bf3 gxf5 30. Bxa8 Rxa8 31. Qe3 1-0

[Event "Ruzomberok Montana op"]
[Site "Ruzomberok"]
[Date "2017.05.28"]
[Round "1"]
[White "Gzib, David"]
[Black "Bartek, Ladislav"]
[Result "0-1"]
[WhiteElo "1791"]
[BlackElo "2039"]
[PlyCount "58"]
[EventDate "2017.05.28"]
[EventType "swiss"]
[EventRounds "9"]
[EventCountry "SVK"]
[SourceTitle "EXT 2018"]
[Source "ChessBase"]
[SourceDate "2017.10.13"]
[SourceVersion "1"]
[SourceVersionDate "2017.10.13"]
[SourceQuality "1"]

1. e4 e5 2. Nf3 Nc6 3. d4 exd4 4. Bc4 Nf6 5. e5 d5 6. Bb5 Ne4 7. Nxd4 Bd7 8. Nxc6 bxc6 9. Bd3 Nc5 10. Be3 Nxd3+ 11. cxd3 Bb4+ 12. Nd2 0-0 13. a3 Ba5 14. b4 Bb6 15. d4 f6 16. exf6 Qxf6 17. Nb3 Qg6 18. Kf1 Rae8 19. Qd2 Qe4 20. Re1 Bh3 21. Rg1 Bc8 22. Rh1 Re6 23. f3 Rxf3+ 24. gxf3 Qxf3+ 25. Kg1 Rg6+ 26. Bg5 Bh3 27. Nc5 Bxc5 28. bxc5 h6 29. a4 Rxg5+ 0-1

[Event "Tatry op"]
[Site "Tatranske Zruby"]
[Date "2016.09.25"]
[Round "3"]
[White "Pacher, Milan"]
[Black "Bartek, Ladislav"]
[Result "1-0"]
[WhiteElo "2499"]
[BlackElo "2019"]
[PlyCount "59"]
[EventDate "2016.09.24"]
[EventType "swiss"]
[EventRounds "9"]
[EventCountry "SVK"]
[SourceTitle "CBM 174 Extra"]
[Source "ChessBase"]
[SourceDate "2016.10.10"]
[SourceVersion "1"]
[SourceVersionDate "2016.10.10"]
[SourceQuality "1"]

1. e4 e5 2. Nf3 Nc6 3. Bb5 a6 4. Ba4 Nf6 5. 0-0 Be7 6. d3 b5 7. Bb3 0-0 8. Nc3 d6 9. a3 Bg4 10. Be3 Nb8 11. h3 Bh5 12. g4 Bg6 13. Nh4 Nbd7 14. Qf3 Nc5 15. Ba2 Kh8 16. Nf5 Ne6 17. Ne2 Ng8 18. Neg3 Bg5 19. Rae1 Bf4 20. h4 Nf6 21. g5 Bxg3 22. gxf6 Bxf5 23. exf5 Bxh4 24. fxe6 fxe6 25. fxg7+ Kxg7 26. Qg4+ Kh8 27. Bxe6 Qf6 28. Kh1 Rae8 29. Bd5 c6 30. Bxc6 1-0

[Event "Pardubice Czech op-B 27th"]
[Site "Pardubice"]
[Date "2016.07.27"]
[Round "6"]
[White "Suliborski, Jakub"]
[Black "Bartek, Ladislav"]
[Result "1-0"]
[WhiteElo "2087"]
[BlackElo "1981"]
[PlyCount "65"]
[EventDate "2016.07.22"]
[EventType "swiss"]
[EventRounds "9"]
[EventCountry "CZE"]
[SourceTitle "CBM 173 Extra"]
[Source "ChessBase"]
[SourceDate "2016.08.29"]
[SourceVersion "1"]
[SourceVersionDate "2016.08.29"]
[SourceQuality "1"]

1. d4 Nf6 2. c4 g6 3. Nc3 Bg7 4. e4 d6 5. Nf3 0-0 6. h3 Na6 7. Bg5 e5 8. d5 Qe8 9. Nd2 Nh5 10. g3 f5 11. Be2 h6 12. Bxh5 gxh5 13. Bh4 Qg6 14. Qe2 Nc5 15. 0-0 Nxe4 16. Ncxe4 fxe4 17. Kg2 Rf4 18. Kh2 Rf7 19. Kg2 Qf5 20. Rh1 Bd7 21. Nxe4 Raf8 22. Raf1 b5 23. f3 bxc4 24. Qxc4 Bc8 25. g4 Qg6 26. Ng3 Bb7 27. Nxh5 Rf5 28. Qe4 Kh8 29. Ng3 Bc8 30. gxf5 Bxf5 31. Qe3 Rg8 32. Kh2 Bf6 33. Bxf6+ 1-0

[Event "SVK-chT2C 0910"]
[Site "Slovakia"]
[Date "2010.02.27"]
[Round "10.4"]
[White "Bartek, Ladislav"]
[Black "Rogos, Jan Jr"]
[Result "1-0"]
[WhiteElo "2029"]
[BlackElo "2163"]
[PlyCount "63"]
[EventDate "2009.10.10"]
[EventType "team-tourn"]
[EventRounds "11"]
[EventCountry "SVK"]
[SourceTitle "EXT 2011"]
[Source "ChessBase"]
[SourceDate "2010.11.26"]
[SourceVersion "1"]
[SourceVersionDate "2010.11.26"]
[SourceQuality "1"]
[WhiteTeam "Liptov Chess School II"]
[BlackTeam "Jelsava"]
[WhiteTeamCountry "SVK"]
[BlackTeamCountry "SVK"]

1. e4 c5 2. Nf3 Nc6 3. d4 cxd4 4. Nxd4 Nf6 5. Nc3 e5 6. Ndb5 d6 7. Bg5 a6 8. Na3 b5 9. Bxf6 gxf6 10. Nd5 f5 11. Bd3 Be6 12. 0-0 Rg8 13. Qh5 f4 14. c4 b4 15. Nc2 Rb8 16. b3 Bg4 17. Qxh7 Rg7 18. Qh6 Bf3 19. Qxg7 Bxg7 20. gxf3 Kd7 21. Kh1 Qh4 22. Rg1 Rh8 23. Rg2 Nd8 24. a3 Ne6 25. axb4 Ng5 26. Ne1 Nh3 27. Ra2 Bf6 28. b5 axb5 29. cxb5 Bd8 30. b6 Kc8 31. Bb5 Kb8 32. Bc6 1-0